Most streamed songs : Queen - Statistics

General Stats
  • This quiz has been taken 89 times
  • The average score is 7 of 10
Answer Stats
Streams Song % Correct
3 081 500 000 Bohemian Rhapsody
96%
887 500 000 We Are The Champions
82%
1 642 500 000 We Will Rock You
79%
2 378 000 000 Another One Bites The Dust
74%
1 072 000 000 Killer Queen
72%
2 110 500 000 Under Pressure (with David Bowie)
71%
2 589 000 000 Don't Stop Me Now
67%
747 000 000 I Want To Break Free
58%
1 108 000 000 Somebody To Love
58%
1 199 500 000 Crazy Little Thing Called Love
40%
No matching quizzes found
Score Distribution
Percent of People with Each Score
Percentile by Number Answered
Your Score History
You have not taken this quiz